000 00793nam a2200229 a 4500
999 _c9211
_d9211
001 9211
003 BD-JhCC
005 20180311102257.0
008 180311s bg |||| ||a| 000 0 ben d
035 _a(BD-JhCC)9211
040 _aBD-JhCC
_dBD-JhCC
041 _aben
082 _a954.91
_bRAH
100 _aরহমান, মজিবর
245 _aশত্রু নয় বন্ধু (পাকিস্তানের রাজনৈতিক সমীক্ষা) /
_cমজিবর রহমান,
260 _aনাটোর :
_bনাটোর প্রেস,
300 _a205 p. :
_c20 cm.
650 _aPolitical Condition
_zPakistan
700 _aইব্রাহিম, মোহাম্মদ (অনুবাদ)
942 _2ddc
_cBK